Statistics for Fast Mathematics

Click here to take the quiz!

General Stats

  • This quiz has been taken 78 times
  • The average score is 10 of 15

Answer Stats

HintAnswer% Correct
2x24
100%
8x324
98%
8-62
93%
3x618
91%
18/63
90%
24x496
81%
100-6931
81%
31x262
79%
200/540
74%
44-386
60%
6x530
59%
22x488
36%
33x6198
31%
23-176
28%
98/147
24%

Score Distribution

Percentile by Number Answered

Percent of People with Each Score

Your Score History

You have not taken this quiz